A Study of Verbs Earning and Spending Money in English versus Vietnamese / Verbs

Saved in:
Bibliographic Details
Main Author: Trần Thị Ngọc Phúc
Format: Thesis
Language:English
Published: 2008.
Subjects:
Tags: Add Tag
No Tags, Be the first to tag this record!
Institutions: Mạng thư viện Đại học Đà Nẵng
LEADER 01267na a2200349 4500
001 000030899
003 4887
005 20221221142019.0
008 151001s2008 000 eng
040 |a LNN 
041 |a ENG 
082 |a 420.4  |b TR-P  |2 Verbs 
100 |a Trần Thị Ngọc Phúc 
245 2 |a A Study of Verbs Earning and Spending Money in English versus Vietnamese /  |c Trần Thị Ngọc Phúc  |n Verbs 
260 |c 2008. 
300 |a 73tr. : mh ; 30cm. 
502 |a M.A.Thesis the englih language 
650 |a A Study of Verbs Earning and Spending Money in English versus Vietnamese, Verbs, 2008, Trần Thị Ngọc Phúc 
852 |c Luận văn Thạc sĩ 
OWN |a LNN 
AVA |a UDN50  |b LNN  |c English  |d 420.4 TR-P  |e available  |t Error 5001 Not defined in file expand_doc_bib_avail.  |f 1  |g 0  |h N  |i 0  |j AN  |k 1 
999 |a From the UDN01 
AVA |a UDN50  |b LNN  |c English  |d 420.4 TR-P  |e available  |t Error 5001 Not defined in file expand_doc_bib_avail.  |f 1  |g 0  |h N  |i 0  |j AN  |k 1 
TYP |a Dissertation 
TYP |a Printed language 
980 |a Mạng thư viện Đại học Đà Nẵng